| 000 | 00774nam a22002297a 4500 | ||
|---|---|---|---|
| 003 | OSt | ||
| 005 | 20240530110418.0 | ||
| 008 | 150309s2005 ua alo f b 000 0 eng d | ||
| 020 | _a9773058166 | ||
| 040 |
_aEG-CaGPL _cEG-CaGPL |
||
| 082 | 0 | 4 |
_221 _a932.02 _bCC/T S |
| 100 | 0 | _aNadja Samir Tomoum | |
| 245 | 1 | 4 |
_aThe Sculptors Models Of The Late And Ptolemaic Periods \ _bNadja Samir Tomoum ; Translated by Brenda Siller |
| 260 |
_aCairo : _bThe Supreme Council of Antiquities , _cc2005 |
||
| 300 |
_a265 p. ,102 plate : _bill.; _c32 cm. |
||
| 504 | _aIncludes bibliographical references | ||
| 650 | 0 |
_aSculptors _yAncient Egyption |
|
| 650 | 0 |
_aSculptors _yPtolemaic Periods |
|
| 700 | 1 |
_aSiller , Brenda _eTranslator |
|
| 942 |
_2ddc _cBK |
||
| 999 |
_c60603 _d60603 |
||